000 00440nam a2200217Ia 4500
003 IT-RoPAU
008 120407s9999 xx 000 0 und d
040 _aIT-RoPAU
040 _cIT-RoPAU
041 _aita
100 _aR. Hasseveldt
245 _aIl mistero delle Chiese
250 _aRoma
260 _aEdizioni Paoline
260 _c1956
300 _c cm
490 _aCat.
490 _v0
942 _cBK
999 _c13698
_d13698